Spoločenské uznanie mladých výskumníkov v Slovenskej republike

Gespeichert in:
Bibliographische Detailangaben
1. Verfasser: Antalová, Mária, 1952-
Format: Buchkapitel
Sprache:Slowakisch
Tags: Tag hinzufügen
Keine Tags, Fügen Sie das erste Tag hinzu!

MARC

LEADER 00000naa$a2200000$$$4500
001 0111513
005 20240502072232.3
041 0 |a slo 
044 |a SK 
245 1 0 |a Spoločenské uznanie mladých výskumníkov v Slovenskej republike  |c Mária Antalová 
100 1 |a Antalová, Mária, 1952-